000 00587nam a2200205Ia 4500
005 20250923145757.0
008 008 250917s9999 xx 000 0 eng d
037 _aTextual
040 _aDSWL
_beng
_cDSWL
041 _aeng
_2eng
084 _aW:28.2'N83 N19, N86
_qDSWL
100 _aPotter, D.C.
_9838844
245 0 _aIndia's political administrators - 1919 - 1983
_cbyD.C.Potter
260 _aDelhi
_bOxford
_c1986
300 _axv,289p.
365 _aINR
_b190.00
925 _g190.00
942 _cTEXL
_hW:28.2'N83 N19, N86
999 _c1455552
_d1455552